History Quiz

Random History or Letter Quiz

Historic Battles (A-Z) Quiz Stats

 Plays Quiz Updated Dec 27, 2014

Challenge
Share
Tweet
Embed
Score 0/24 Timer 07:00
5 Plays Today
Letter Battle % Correct
GBattle of Gettysburg
78.7%
SBattle of Stalingrad
77.4%
HBattle of Hastings
76.1%
WBattle of Waterloo
73.7%
MBattle of Midway
70.3%
ABattle of Agincourt
70.2%
OBattle of Okinawa
69.7%
BBattle of Bunker Hill
57.5%
YBattle of Yorktown
56.9%
VBattle of Verdun
55.6%
JBattle of Jutland
54.2%
IBattle of Inchon
49.7%
Letter Battle % Correct
TBattle of Thermopylae
48.3%
NBattle of New Orleans
46%
KBattle of Kursk
41.3%
FBattle of Fredericksburg
40.4%
DBattle of Dien Bien Phu
39.4%
QBattle of Quebec
37.9%
CBattle of Cannae
35%
ZBattle of Zama
29.7%
LBattle of Lepanto
28.1%
PBattle of Poltava
13.6%
RBattle of Red Cliffs
8.7%
EBattle of Eylau
8.2%

You're not logged in!

Compare scores with friends on all Sporcle quizzes.
OR
Log In

You Might Also Like...

Show Comments

Extras

Top Quizzes Today


Score Distribution

Your Account Isn't Verified!

In order to create a playlist on Sporcle, you need to verify the email address you used during registration. Go to your Sporcle Settings to finish the process.

Report this User

Report this user for behavior that violates our Community Guidelines.

Details: